000 00871cgm a2200265 4500
001 B3084
008 090401t1983 xxu||||| |||| 00| 0 eng d
035 _a(Sirsi) u53886
041 _aeng
050 _a346.410432
_c18
100 _aDenyer-Green, Barry P. D.
245 _aBoundary disputes
_h[sound recording]
260 _aLondon
_bRICS
_c1983
300 _a1 sound cassette (ca. 60 min.)
350 _a10
490 _aOwlion Audio Programme
520 _aA detailed and practical guide to legislation, practice and procedure relating to the complete spectrum of boundary dispute problems.
650 _aBoundary disputes
_96221
650 _aBoundary disputes
_96221
690 _aBoundary disputes
_96221
710 _aCollege of Estate Management
_9400
710 _aRoyal Institution of Chartered Surveyors
_94900
942 _n0
948 _c04/03/1997
999 _c85278
_d85278